| 000 | 01588nam a22004337a 4500 | ||
|---|---|---|---|
| 003 | CHAP | ||
| 005 | 20220329141307.0 | ||
| 008 | 971010s1982 r 00010 d | ||
| 010 | _a65912 | ||
| 011 | _a66884 | ||
| 035 | _a75869 | ||
| 040 | _cCHAP | ||
| 090 | _aTesis | ||
| 100 | 0 | 0 |
_aOlvera León, Carlos Rubén. _983240 |
| 245 | _aEfecto de la fertilización nitrogenada y fosfórica en el rendimiento, calidad, contenido de aceite y proteína en colza (Brassica spp) | ||
| 260 |
_aChapingo, Méx. : _bEl autor, _c1982 |
||
| 300 |
_a82 h. _b; láms. ; gráfs. |
||
| 500 | _a1992-673 | ||
| 502 | _aTesis (Ing. Agr. Esp. en Fitotecnia) -- UACH. Departamento de Fitotecnia | ||
| 590 |
_aALEPH _b10 _c20130110 _lUCH01 _h1359 |
||
| 590 |
_aBATCH-UPD _b10 _c20130110 _lUCH01 _h0118 |
||
| 590 |
_aBATCH-UPD _b10 _c20130110 _lUCH01 _h0606 |
||
| 590 |
_aBATCH-UPD _b10 _c20130110 _lUCH01 _h2340 |
||
| 590 |
_aBATCH-UPD _b10 _c20130409 _lUCH01 _h2111 |
||
| 590 |
_aBATCH-UPD _b10 _c20130410 _lUCH01 _h1535 |
||
| 590 |
_aBATCH-UPD _b10 _c20130913 _lUCH01 _h1851 |
||
| 590 |
_aCONVERSION _b10 _c20130109 _lUCH01 _h1336 |
||
| 650 | 1 | 4 |
_aAceite de colza. _9430 |
| 650 | 1 | 4 |
_aColza _xRendimiento. _925511 |
| 650 | 1 | 4 |
_aFertilizantes _xEfecto en colza. _940502 |
| 650 | 1 | 4 |
_aFósforo _xEfecto en colza. _942231 |
| 650 | 1 | 4 |
_aNitrógeno _xEfecto en colza. _981430 |
| 901 | _aBK | ||
| 942 | _cFOLL | ||
| 949 |
_bBC _cTES _d-149019 _eTS1 _i75869 _si |
||
| 949 |
_bBC _cTES _d-149020 _eTS2 _fc.2 _i75869 _si |
||
| 949 |
_bBC _cTES _d-149021 _eTS2 _fc.3 _h21753 _i75869 _si |
||
| 949 |
_bZA _cTESBD _d-8865 _eTS1 _h216 _i75869 _si |
||
| 999 |
_c65912 _d65912 |
||